| 000 | 00944nam a2200313 i 4500 | ||
|---|---|---|---|
| 003 | EG-GICUC | ||
| 005 | 20260427121601.0 | ||
| 008 | 260427s1961 it |||fr|||| 00| 0 ita d | ||
| 040 |
_aEG-GiCUC _bita _cEG-GiCUC _dEG-GiCUC _erda |
||
| 041 | _aita | ||
| 082 | 0 | 4 |
_221 _a343.3 _bGR . P |
| 092 | 0 | 4 | _221 |
| 099 | _aLaw1 10 343.3 GR . P 1961 | ||
| 100 | 1 |
_aGramatica, Filippo, _d1901- _eAuthor. |
|
| 245 | 1 | 0 |
_aPrincipi di difesa sociale / _cFilippo Gramatica. |
| 264 | 1 |
_aPadova : _bCEDAM, _c1961. |
|
| 300 |
_a367 pages ; _c24 cm |
||
| 336 |
_2rda content _atext |
||
| 337 |
_2rda media _aComputer |
||
| 338 |
_2rda carrier _aOnline Resource |
||
| 500 | _aInclude Index | ||
| 504 | _aIncludes bibliographical references. | ||
| 546 | _a Text in Italian | ||
| 650 | 1 | 4 |
_aLaw of criminal procedure _2qrmak |
| 651 | 1 | _2qrmak | |
| 856 | 4 | 0 | _uhttps://fll.law.cu.edu.eg/fulltext/bks/B10-11611.pdf |
| 905 | _a161 | ||
| 942 |
_2ddc _cBK _e21 _n0 |
||
| 999 |
_c73675 _d73675 |
||